000 00643cam a22002173a 4500
001 40842
003 PGUSA
005 20140828083919.0
008 120922s2012||||xxu|||||s|||||000 | eng d
040 _aPGUSA
_beng
042 _adc
100 1 _aSharp, Dallas Lore,
_d1870-1929
245 1 2 _aA Watcher in The Woods
_h[electronic resource] /
_cDallas Lore Sharp
260 _bProject Gutenberg,
_c2012
506 _aPublic domain in the USA.
516 _aElectronic text
700 1 _aHorsfall, R. Bruce
_q(Robert Bruce),
_d1869-1948
830 0 _aProject Gutenberg
_v40842
856 4 0 _uhttp://www.gutenberg.org/ebooks/40842
942 _cEB
999 _c270094
_d270094